000 00553nam a2200181Ia 4500
003 GCL
008 140319s9999 xx 000 0 ara d
040 _aGCL /
_cGCL
082 0 4 _aط
_b810.89828
_bا ا
100 1 _aابراهيم الابيارى
245 1 0 _aادب الدنيا /
_cابراهيم الابيارى
260 _a[S.N] :
_bدار الكتاب المصرى ،
_c1991
300 _a16
490 _aسلسلة ادب الدنيا والدين
_v0
650 0 4 _aالاطفال
650 0 4 _aادب الاطفال
942 _2ddc
_cBK
999 _c57383
_d57383